01297nam a22002897a 450000500170000000800410001702000150005804100080007304400080008108200160008911000280010524201970013324501890033026000520051930000500057149000410062150400670066265000390072965000240076865000300079265000310082270000290085370000330088270000300091570000300094570000320097520140319114135.0140228t1994 wauad gr|||| 00| 0 eng d a1560982845 aeng axxu a597.6bS66m2 aSmithsonian Institution10aMedidas y Monitoreo de la Diversidad BiologicabMétodo Estándar para Anfibiosceditado por W. Ronald Heyer, Maureen A. Donnelly, Roy W. McDiarmid, Lee-Ann C. Hayek, Mercedes S. Fosteryspa10aMeasuring and Monitoring Biological DiversitybStandard Methods for Amphibiansceditado por W. Ronald Heyer, Maureen A. Donnelly, Roy W. McDiarmid, Lee-Ann C. Hayek, Mercedes S. Foster3 aWashingtonbSmithsonian Institution Pressc1994 axix, 364 p.bil., gráficas, tablasc25.5 cm0 aBiological Diversity Handbook Series aIncluye glosario, bibliografía (páginas 329-350) e indice. aEstudio de AnfibiosxMetodología aAnfibiosxMonitoreo aBiodiversidadxMedición aBiodiversidadxSeguimiento1 aHeyer, W. Ronaldeeditor1 aDonnelly, Maureen A.eeditor1 aMcDiarmid, Roy W.eeditor1 aHayek, Lee-Ann C.eeditor1 aFoster, Mercedes S.eeditor